Екскурзоводско обслужване (Запис номер 179275)
[ съкратено ]
| 000 -Лидер | |
|---|---|
| Контролно поле с фиксирана дължина | 01972nam a2200421 c 4500 |
| 003 - Код на организацията, давaща контролен номер | |
| Контролно поле | BLK |
| 005 - Дата и час на последна редакция | |
| Контролно поле | 20241223112811.0 |
| 008 - Елементи от данни с фиксирана дължина | |
| fixed length control field | 180411b bul|||||r ||||||| ||bul|| |
| 010 ## - Наследен системен номер | |
| LC control number | KNG00188054000 |
| 020 ## - Международен стандартен номер на книга ISBN | |
| Международен стандартен номер на книга ISBN | 978-954-494-932-7 |
| -- | издат.: Унив. изд. Стопанство |
| 040 ## - Източник на каталожния запис | |
| Идентификатор на билиотеката - собственик на записа | BLK |
| 041 ## - Код за език | |
| Код за езика на текст/звукозапис или на отделно заглавие | Български |
| Код за езика КДБФ | Български |
| 072 #7 - Код за тематичната категория | |
| Код организация | bullib |
| Код за тематична категория | Н33 |
| Текст | Икономика Н |
| 080 ## - УДК | |
| Текстов определител УДК | Туризмът от стопанско гледище. Политика по отношение на туризма. Икономика и организация на туризма. Вътрешен и международен туризъм. Вж и 379.8 |
| УДК код - определител по УДК | 338.48 |
| УДК определител | (075.8) |
| УДК - код + определител | 338.48(075.8) |
| 080 ## - УДК | |
| Текстов определител УДК | Организация на свободното време |
| УДК код - определител по УДК | 379.8 |
| УДК определител | (075.8) |
| УДК - код + определител | 379.8(075.8) |
| 100 1# - Редна дума - Автор | |
| Автор | Янева, Мариана Кирилова |
| Авторска отговорност | първи автор |
| R(LIN) | 341718 |
| 139 ## - Редно поле | |
| Редна дума | Янева, Мариана Кирилова |
| Авторски знак | Яне - Я 54 |
| 245 10 - Сведения за заглавието | |
| Заглавие | Екскурзоводско обслужване |
| Редно поле (дума) | Мариана Кирилова Янева. |
| 250 ## - Област на изданието | |
| Сведения за изданието | 2. доп. изд. |
| 257 ## - Страна на издаване | |
| Страна на създаване/издаване | България |
| 260 ## - Област на издателските данни | |
| -- | София |
| Име на издателя, разпространителя и проч. | Унив. изд. Стопанство |
| Година на издаване | 2008 |
| 300 ## - Физическа характеристика | |
| Страници | 332 с. |
| Размери/Мащаб | 23 см |
| 380 ## - Жанр | |
| Жанр | Обществени науки |
| 500 ## - Общи забележки | |
| Забележка | 1. изд. 2007. - Изд. на УНСС. - Библиогр. под линия. |
| 650 #4 - Допълнително описание по предмет – тема | |
| Основно описание – тема или топоним | Туризъм - учебници за ВУЗ |
| 9 (RLIN) | 265407 |
| 650 #4 - Допълнително описание по предмет – тема | |
| Основно описание – тема или топоним | Туризъм, международен - учебници за ВУЗ |
| 9 (RLIN) | 249971 |
| 653 ## - Ключова дума – ненормативна | |
| Ключова дума | екскурзоводство |
| 653 ## - Ключова дума – ненормативна | |
| Ключова дума | международен туризъм |
| 653 ## - Ключова дума – ненормативна | |
| Ключова дума | туристическо обслужване |
| 653 ## - Ключова дума – ненормативна | |
| Ключова дума | учебници за ВУЗ |
| 659 ## - Тематичен бюлетин | |
| Тематичен бюлетин | Н |
| 852 ## - Местоположение | |
| Форматна сигнатура | Цб 280699 |
| 856 4# - Електронен адрес и достъп | |
| Електронен формат | pdf - файл |
| Път до файла /url/ | |
| 856 4# - Електронен адрес и достъп | |
| Електронен формат | pdf - файл |
| Път до файла /url/ | |
| 942 ## - АРТИКУЛИ | |
| Вид на библиотечния материал | Книги |
| Скрит в OPAC | Не |
| Koha issues (borrowed), all copies | 5 |
| 944 ## - СЪЗДАВАНЕ И РЕДАКЦИЯ на ЗАПИСА | |
| Създаване/Редакция | Създаване |
| Дата на регистрацията/редакция | 30.05.2016 |
| Статус, дата на статуса | Цветомила Тодорова |
| Служител, извършил регистрацията/редакцията | 30576 |
| 944 ## - СЪЗДАВАНЕ И РЕДАКЦИЯ на ЗАПИСА | |
| Създаване/Редакция | Редакция |
| Дата на регистрацията/редакция | 20.02.2018 |
| Статус, дата на статуса | ф / |
| Служител, извършил регистрацията/редакцията | Людмила_Стоянова |
| 999 ## - СИСТЕМНИ КОНТРОЛНИ НОМЕРА | |
| Koha biblionumber | 179275 |
| Koha biblioitemnumber | 179275 |
| Код за отписване | Код за изгубен артикул | Код за повреда | Коз за рестрикции | Код за отдаване | Артикулен № | Име на библиотеката - собственик | Име на библиотеката, в която се намира в момента | Статус (Текущо местоположение) | Дата на вписване в системата | Местоположение - отдел | Цена в лева | Инвентарен номер | Систематично азбучна сигнатура | Баркод | Номер на екземпляра | Цена в евро | Служебна бележка | Служебен тип на артикула |
|---|---|---|---|---|---|---|---|---|---|---|---|---|---|---|---|---|---|---|
| Не е изгубен | Не е повреден | без рестрикции | заемане за дома | 307494 | Регионална библиотека "Любен Каравелов" Русе | Регионална библиотека "Любен Каравелов" Русе | Заемна - подръчен фонд | 2016-05-31 | Заемна - подръчен фонд | 12.00 | 120000800466 | П 338.4/Я 54 | 120000800466 | 1 | 6.14 | Дост: Pk Вид: Ф N: 2051 Дата: 26.05.2016 Дата инв: 05.02.2018 Бележки инв: П2018 | Книги | |
| Не е изгубен | Не е повреден | без рестрикции | ползва се в читалня | 307495 | Регионална библиотека "Любен Каравелов" Русе | Регионална библиотека "Любен Каравелов" Русе | Хранилище | 2017-12-15 | Основен фонд - ползва се само за читалня | 13.00 | 120000818384 | Цб 280699 | 120000818384 | 2 | 6.65 | Дост: Pk Вид: Ф N: 498 Дата: 15.12.2017 Дата инв: 15.02.2018 | Книги |